Cultura y Desarrollo Humano : el papel de la Cooperación Europea /

Shranjeno v:
Bibliografske podrobnosti
Korporativna značnica: Jornadas Cultura y Desarrollo Humano: el papel de la Cooperación Europea
Format: Procedimiento de la Conferencia
Jezik:Spanish
Izdano: España : AECI ; ALBOAN
Oznake: Označite
Brez oznak, prvi označite!

MARC

LEADER 00000 a2200000 04500
001 44470
003 cru CIDCACS/IIS
005 20170526095825.0
008 050628s2006 sp spa d
020 |a [sin ISBN]  
040 |c CIDCACS/IIS 
090 |a 05.03.01 C968c  
111 |a Jornadas Cultura y Desarrollo Humano: el papel de la Cooperación Europea  
245 |a Cultura y Desarrollo Humano :   |b el papel de la Cooperación Europea /  
260 |a España :   |b AECI ; ALBOAN  
300 |a 227 páginas : fotos  
942 |2 ddc  |c LI 
999 |c 1136  |d 1136